000 00628nam a2200241Ia 4500
003 OSt
005 20221005043605.0
006 a|||||r|||| 00| 0
007 ta
008 221004b |||||||| |||| 00| 0 eng d
024 _a69690
037 _cTextual
040 _aCRL
_cCRL
_beng
041 _2eng
_aeng
082 _aY:45, N7
100 _aFattah Ezzat A
_9591724
245 0 _aCriminology
_b Past, present and future
260 _aGreat
_bBritain Macmilan Press
_c1997
300 _a343p.
_ccm.
650 _aSOCIOLOGY
942 _hY:45, N7
_cTEXL
_2cc
999 _c952127
_d952127